United States Biggest Cities by Letter - Statistics

General Stats
  • This quiz has been taken 43 times
  • The average score is 17 of 26
Answer Stats
Letter Country Population % Correct
B Boston 650.7K
94%
C Chicago 2.665M
91%
D Dallas 1.3M
91%
N New York City 8.336M
91%
A Austin 974.4K
88%
H Houston 2.303M
88%
L Los Angeles 3.822M
88%
W Washington D.C. 671.8K
82%
S San Antonio 1.473M
79%
I Indianapolis 880.6K
76%
J Jacksonville 971.3K
76%
K Kansas City 509.3K
76%
E El Paso 677.5K
70%
P Phoenix 1.644M
70%
M Memphis 621.1K
67%
R Raleigh 476.6K
61%
V Virginia Beach 455.6K
61%
F Fort Worth 956.7K
58%
O Oklahoma City 694.8K
55%
T Tucson 546.6K
45%
G Greensboro 301.1K
39%
Q Quincy 101.7K
36%
X Xenia 25.61K
36%
Y Yonkers 208.1K
36%
U Upland 78.84K
9%
Z Zionsville 31.98K
9%
No matching quizzes found
Score Distribution
Percent of People with Each Score
Percentile by Number Answered
Your Score History
You have not taken this quiz